00406nam a2200157Ia 4500003000400000005001700004008004100021020001800062040000900080082002000089100002600109245005400135260003700189300000800226650001400234OSt20210105105208.0190216s9999||||xx |||||||||||||| ||und|| a9788187333395 coclc a894.8122bBAF/G aBaf, Mohsen Makhamal  0aGabbeh /cMohsen Makhmal Baf ; Santhosh Panayal  bFebian Books,aAlappuzha:c2005. a57p aMalayalam